<?xml version="1.0" encoding="UTF-8"?>
<record
    xmlns:xsi="http://www.w3.org/2001/XMLSchema-instance"
    xsi:schemaLocation="http://www.loc.gov/MARC21/slim http://www.loc.gov/standards/marcxml/schema/MARC21slim.xsd"
    xmlns="http://www.loc.gov/MARC21/slim">

  <leader>00315nam a22001217a 4500</leader>
  <datafield tag="020" ind1=" " ind2=" ">
    <subfield code="a">9788126519477</subfield>
  </datafield>
  <datafield tag="082" ind1=" " ind2=" ">
    <subfield code="2">22</subfield>
    <subfield code="a">629.819</subfield>
  </datafield>
  <datafield tag="100" ind1=" " ind2=" ">
    <subfield code="a">Gupta, Rajeev.</subfield>
  </datafield>
  <datafield tag="245" ind1=" " ind2=" ">
    <subfield code="a">Nise's control system engineering /</subfield>
  </datafield>
  <datafield tag="260" ind1=" " ind2=" ">
    <subfield code="a">New Delhi,</subfield>
    <subfield code="b">Wiley India Pvt,</subfield>
    <subfield code="c">c2011.</subfield>
  </datafield>
  <datafield tag="300" ind1=" " ind2=" ">
    <subfield code="a">xx, 16p. ;</subfield>
    <subfield code="b">ill. ;</subfield>
    <subfield code="c">23 cm.</subfield>
  </datafield>
  <datafield tag="942" ind1=" " ind2=" ">
    <subfield code="2">ddc</subfield>
    <subfield code="c">EE</subfield>
    <subfield code="0">8</subfield>
  </datafield>
  <datafield tag="999" ind1=" " ind2=" ">
    <subfield code="c">171</subfield>
    <subfield code="d">171</subfield>
  </datafield>
  <datafield tag="952" ind1=" " ind2=" ">
    <subfield code="0">0</subfield>
    <subfield code="1">0</subfield>
    <subfield code="2">ddc</subfield>
    <subfield code="4">0</subfield>
    <subfield code="7">1</subfield>
    <subfield code="8">REF</subfield>
    <subfield code="a">LIB001</subfield>
    <subfield code="b">LIB001</subfield>
    <subfield code="d">2014-06-10</subfield>
    <subfield code="g">416.65</subfield>
    <subfield code="l">0</subfield>
    <subfield code="o">629.819</subfield>
    <subfield code="p">37022</subfield>
    <subfield code="r">2014-06-10 00:00:00</subfield>
    <subfield code="t">1</subfield>
    <subfield code="v">883.30</subfield>
    <subfield code="w">2014-06-10</subfield>
    <subfield code="y">EE</subfield>
  </datafield>
  <datafield tag="952" ind1=" " ind2=" ">
    <subfield code="0">0</subfield>
    <subfield code="1">0</subfield>
    <subfield code="2">ddc</subfield>
    <subfield code="4">0</subfield>
    <subfield code="7">0</subfield>
    <subfield code="8">NFIC</subfield>
    <subfield code="a">LIB001</subfield>
    <subfield code="b">LIB001</subfield>
    <subfield code="d">2014-06-10</subfield>
    <subfield code="g">416.65</subfield>
    <subfield code="l">6</subfield>
    <subfield code="m">18</subfield>
    <subfield code="o">629.819</subfield>
    <subfield code="p">37023</subfield>
    <subfield code="q">2026-04-22</subfield>
    <subfield code="r">2026-04-07 07:03:09</subfield>
    <subfield code="s">2026-04-07</subfield>
    <subfield code="t">1</subfield>
    <subfield code="v">883.30</subfield>
    <subfield code="w">2014-06-10</subfield>
    <subfield code="y">EE</subfield>
  </datafield>
  <datafield tag="952" ind1=" " ind2=" ">
    <subfield code="0">0</subfield>
    <subfield code="1">0</subfield>
    <subfield code="2">ddc</subfield>
    <subfield code="4">0</subfield>
    <subfield code="7">0</subfield>
    <subfield code="8">NFIC</subfield>
    <subfield code="a">LIB001</subfield>
    <subfield code="b">LIB001</subfield>
    <subfield code="d">2014-06-10</subfield>
    <subfield code="g">416.65</subfield>
    <subfield code="l">8</subfield>
    <subfield code="m">17</subfield>
    <subfield code="o">629.819</subfield>
    <subfield code="p">37024</subfield>
    <subfield code="q">2026-04-22</subfield>
    <subfield code="r">2026-04-07 02:18:29</subfield>
    <subfield code="s">2026-04-07</subfield>
    <subfield code="t">1</subfield>
    <subfield code="v">883.30</subfield>
    <subfield code="w">2014-06-10</subfield>
    <subfield code="y">EE</subfield>
  </datafield>
  <datafield tag="952" ind1=" " ind2=" ">
    <subfield code="0">0</subfield>
    <subfield code="1">0</subfield>
    <subfield code="2">ddc</subfield>
    <subfield code="4">0</subfield>
    <subfield code="7">0</subfield>
    <subfield code="8">NFIC</subfield>
    <subfield code="a">LIB001</subfield>
    <subfield code="b">LIB001</subfield>
    <subfield code="d">2014-06-10</subfield>
    <subfield code="g">416.65</subfield>
    <subfield code="l">5</subfield>
    <subfield code="m">14</subfield>
    <subfield code="o">629.819</subfield>
    <subfield code="p">37025</subfield>
    <subfield code="r">2022-06-09 00:00:00</subfield>
    <subfield code="s">2022-04-12</subfield>
    <subfield code="t">1</subfield>
    <subfield code="v">883.30</subfield>
    <subfield code="w">2014-06-10</subfield>
    <subfield code="y">EE</subfield>
  </datafield>
  <datafield tag="952" ind1=" " ind2=" ">
    <subfield code="0">0</subfield>
    <subfield code="1">0</subfield>
    <subfield code="2">ddc</subfield>
    <subfield code="4">0</subfield>
    <subfield code="7">0</subfield>
    <subfield code="8">NFIC</subfield>
    <subfield code="a">LIB001</subfield>
    <subfield code="b">LIB001</subfield>
    <subfield code="d">2014-06-10</subfield>
    <subfield code="g">416.65</subfield>
    <subfield code="l">4</subfield>
    <subfield code="m">16</subfield>
    <subfield code="o">629.819</subfield>
    <subfield code="p">37026</subfield>
    <subfield code="r">2022-06-10 00:00:00</subfield>
    <subfield code="s">2022-04-11</subfield>
    <subfield code="t">1</subfield>
    <subfield code="v">883.30</subfield>
    <subfield code="w">2014-06-10</subfield>
    <subfield code="y">EE</subfield>
  </datafield>
</record>
